Animal Crossing - Tous les Insectes [en image] - Statistiques

Statistiques générales
  • Ce quiz a été pris 101 fois
  • Le résultat moyen est 38 sur 92
Statistiques - réponses
Par images Réponse % Correct
Abeille
92%
Escargot
92%
Guêpe
91%
Scorpion
91%
Coccinelle
90%
Coccinelle
90%
Mouche
90%
Fourmi
88%
Moustique
83%
Sauterelle
83%
Scarabée
82%
Araignée
79%
Mante religieuse
79%
Mille-pattes
79%
Phasme
79%
Tarentule
78%
Cigale hyalessa
77%
Puce
77%
Criquet
73%
Punaise
73%
Acrida cinerea
71%
Crabe
68%
Papillon de nuit
68%
Cloporte
65%
Mante orchidée
64%
Machaon
62%
Grillon
58%
Abeille naine
57%
Bernard-l'ermite
56%
Cafard
56%
Scarabée Goliath
56%
Sympetrum
56%
Bousier
55%
Demoiselle
55%
Lucane inclinatus
52%
Monarque
52%
Taupe-grillon
47%
Citrin
45%
Ligie
45%
Morpho bleu
44%
Patineur
44%
Mue de cigale
42%
Scarabée éléphant
42%
Grillon des prés
39%
Luciole
39%
Cigale géante
36%
Scarabée Atlas
35%
Piéride de la rave
34%
Psyché
34%
Scarabée hercule
34%
Dytique
32%
Phyllie
31%
Agrias
29%
Criquet pèlerin
29%
Grillon du Midi
27%
Lucane cerf-volant
27%
Scarabée kabuto
27%
Anax napolitain
25%
Grand planeur
25%
Punaise d'eau géante
23%
Bupreste
22%
Capricorne des agrumes
21%
Cordulégastre
19%
Papilio bianor
19%
Cicindèle
18%
Libellule géante
18%
Lucane copris irisé
18%
Troides brookiana
18%
Cigale cercope
17%
Lucane miyama
17%
Troides alexandræ
17%
Lucane cyclommatus
16%
Lucane girafe
16%
Mormolyce
16%
Cigale cicadelle
14%
Lucane lamprima
14%
Scutigère
13%
Attacus Atlas
10%
Cigale higurashi
10%
Graphium sarpedon
10%
Catacanthus
9%
Charançon bleu
9%
Geotrupidae
9%
Pseudotorynorrhina
8%
Rosalia batesi
8%
Sasakia charonda
8%
Copris
6%
Chrysiridia rhipheus
5%
Crabe de cocotier
5%
Coscinocera hercules
3%
Laternaria
3%
Orthétrum
1%
Aucun quiz correspondant
Distribution des résultats
% des personnes avec chaque résultat
Percentile par nombre de réponses
Votre historique - résultats
Vous n’avez pas pris ce quiz